Statistics for Roma Champions League XIs

Click here to take the quiz!

General Stats

  • This quiz has been taken 197 times
  • The average score is 19 of 62

Answer Stats

AnswerSeason% Correct
Francesco Totti
97%
Daniele De Rossi
85%
Edin Džeko
77%
Kostas Manolas
63%
Mohamed Salah
54%
Alessandro Florenzi
53%
Cafu
52%
Alisson Becker2017/18
50%
Kevin Strootman
50%
Lorenzo Pellegrini
50%
Radja Nainggolan
50%
Gabriel Batistuta
48%
Antonio Rüdiger
46%
Miralem Pjanić
42%
Wojciech Szczęsny2015/16
42%
Alessandro Mancini
36%
Diego Perotti
36%
Federico Fazio
36%
Juan
36%
Simone Perrotta
36%
Antonio Cassano
35%
Aleksandar Kolarov
33%
Morgan De Sanctis2014/15
33%
Robin Olsen2018/19
33%
Walter Samuel
33%
Doni2006/07
32%
Emerson
32%
Gervinho
32%
Philippe Mexès
32%
Vincent Candela
32%
Nicolò Zaniolo
30%
Rodrigo Taddei
30%
Steven Nzonzi
28%
Bryan Cristante
27%
Juan Jesus
27%
Christian Panucci
24%
Damiano Tommasi
24%
Francesco Antonioli2001/02
24%
Cristian Chivu
22%
David Pizarro
21%
Nicolas Burdisso
20%
Antônio Carlos Zago
19%
José Holebas
19%
Vasilis Torosidis
19%
Jonathan Zebina
18%
John Arne Riise
17%
Lucas Digne
17%
Marco Borriello
17%
Marco Cassetti
17%
Cengiz Ünder
16%
Seydou Keïta
16%
Max Tonetto
14%
Alberto Aquilani
13%
Ivan Pelizzoli2004/05
13%
Bogdan Lobonț2010/11
11%
Jérémy Ménez
11%
Mapou Yanga-Mbiwa
11%
Matteo Ferrari
11%
Francisco Lima
10%
Iago Falque
8%
Leandro Cufre
8%
Traianos Dellas
7%

Score Distribution

Percentile by Number Answered

Percent of People with Each Score

Your Score History

You have not taken this quiz